Bồi dưỡng nội dung và phương pháp giảng dạy giáo dục công dân 12

Những vấn đề lớn của thời đại ngày nay và một số vấn đề về đạo đức XHCN. Phương pháp giảng dạy một cách có hiệu quả

Bewaard in:
Bibliografische gegevens
Hoofdauteur: Vũ Hồng Tiến
Andere auteurs: Nguyễn Đức Chiến (Tác giả), Nguyễn Văn Cư (Tác giả)
Formaat: Boek
Taal:Vietnamese
Gepubliceerd in: H. Đại học Quốc gia Hà Nội 1999
Onderwerpen:
Tags: Voeg label toe
Geen labels, Wees de eerste die dit record labelt!
Thư viện lưu trữ: Mạng thư viện Đại học Đà Nẵng
LEADER 01524nam a2200385 4500
001 000006458
003 2614
005 20110912100905.0
008 110912s1999 viesd
020 |c 15500đ 
041 0 |a vie 
082 |a 373.238  |b VU-T 
100 0 |a Vũ Hồng Tiến 
245 0 |a Bồi dưỡng nội dung và phương pháp giảng dạy giáo dục công dân 12  |c B.s: Vũ Hồng Tiến (ch.b), Nguyễn Đức chiến ; Nguyễn Văn Cư 
260 |a H.  |b Đại học Quốc gia Hà Nội  |c 1999 
300 |a 263 tr  |c 21 cm 
504 |a Thư mục cuối mỗi bài 
520 |a Những vấn đề lớn của thời đại ngày nay và một số vấn đề về đạo đức XHCN. Phương pháp giảng dạy một cách có hiệu quả 
653 |a Phương pháp giảng dạy 
653 |a Giáo dục công dân 
653 |a Sách giáo viên 
653 |a Lớp 12 
700 |a Nguyễn Đức Chiến  |e Tác giả 
700 |a Nguyễn Văn Cư  |e Tác giả 
910 |a Nguyễn Thị Kim Oanh  |d 12/09/2011 
OWN |a LSP 
AVA |a UDN50  |b LSP  |d 373.238 VU-T  |e available  |t Error 5001 Not defined in file expand_doc_bib_avail.  |f 5  |g 0  |h N  |i 1  |k 1 
999 |a From the UDN01 
AVA |a UDN50  |b LSP  |d 373.238 VU-T  |e available  |t Error 5001 Not defined in file expand_doc_bib_avail.  |f 5  |g 0  |h N  |i 1  |k 1 
TYP |a Monograph 
TYP |a Printed language 
980 |a Mạng thư viện Đại học Đà Nẵng